Folk tales of Haryana (Record no. 32484)

MARC details
000 -LEADER
fixed length control field 00312nam a2200121Ia 4500
082 ## - DEWEY DECIMAL CLASSIFICATION NUMBER
Classification number 82-34(545.2HAR)
Item number FOL
100 ## - MAIN ENTRY--AUTHOR NAME
Personal name Indu Roy Chaudhury
245 #0 - TITLE STATEMENT
Title Folk tales of Haryana
260 ## - PUBLICATION, DISTRIBUTION, ETC. (IMPRINT)
Place of publication New Delhi
Name of publisher Sterling
Year of publication 1978
700 ## - ADDED ENTRY--PERSONAL NAME
Personal name Veena Srivastava
942 ## - ADDED ENTRY ELEMENTS (KOHA)
Koha item type Books
Holdings
Withdrawn status Lost status Damaged status Not for loan Home library Current library Date acquired Full call number Accession Number Koha item type
        RRII Library RRII Library 16/12/2021 82-34(545.2HAR) FOL 13002 Books